[Event "GER-ch Net qual3 U25"]
[White "Philipp, Michael"]
[Black "Jovalekic, Oliver"]
[Site "Playchess.com INT"]
[Round "6"]
[Result "0-1"]
[Date "2011.05.08"]
[WhiteElo "1889"]
[BlackElo "2097"]
[PlyCount "102"]
[EventDate "2011.05.08"]
[EventType "swiss (blitz)"]
[EventRounds "7"]
[EventCountry "GER"]
[SourceTitle "CBM 142 Extra"]
[Source "ChessBase"]
[SourceDate "2011.06.27"]
[SourceVersion "1"]
[SourceVersionDate "2011.06.27"]
[SourceQuality "1"]

1. e4 c5 2. c3 e6 3. d4 d5 4. e5 Nc6 5. f4 Bd7 6. Nf3 Rc8 7. Be3 Qb6 8. Qd2 Nh6 9. h3 Nf5 10. Bf2 cxd4 11. cxd4 h5 12. Nc3 Be7 13. Be2 a6 14. 0-0 h4 15. Rfd1 Qa7 16. Qe1 Bd8 17. Bf1 b5 18. Nxh4 Bxh4 19. Bxh4 Nxh4 20. Bxb5 Nxd4 21. Bxd7+ Kxd7 22. Qf2 Nc6 23. Qxa7+ Nxa7 24. Kf2 Nf5 25. g4 Ne7 26. Kg3 Rc4 27. Rd3 Nb5 28. Nd1 Ng6 29. Rf3 Nd4 30. Rf2 Rhc8 31. Ne3 Rc1 32. Rxc1 Rxc1 33. Rd2 Nc6 34. a3 a5 35. h4 a4 36. h5 Nge7 37. Rh2 d4 38. Ng2 d3 39. Ne3 Nd5 40. Nxd5 exd5 41. Rd2 Rg1+ 42. Kh3 Ke6 43. Rxd3 d4 44. Rd2 Kd5 45. g5 Ke4 46. h6 gxh6 47. gxh6 Rg8 48. Kh4 Ne7 49. Kh5 Nf5 50. Re2+ Kxf4 51. e6 Rg5# 0-1

[Event "GER-ch Net qual1 U25"]
[White "Jovalekic, Oliver"]
[Black "Coenen, Michael"]
[Site "Playchess.com INT"]
[Round "5"]
[Result "1/2-1/2"]
[Date "2011.05.01"]
[WhiteElo "2158"]
[BlackElo "2534"]
[PlyCount "210"]
[EventDate "2011.05.01"]
[EventType "swiss (blitz)"]
[EventRounds "7"]
[EventCountry "GER"]
[SourceTitle "CBM 142 Extra"]
[Source "ChessBase"]
[SourceDate "2011.06.27"]
[SourceVersion "1"]
[SourceVersionDate "2011.06.27"]
[SourceQuality "1"]

1. e4 c5 2. Nf3 Nc6 3. d4 cxd4 4. Nxd4 d5 5. exd5 Qxd5 6. Nxc6 Qxd1+ 7. Kxd1 bxc6 8. Be3 Bg4+ 9. f3 Bf5 10. Nd2 e6 11. Ba6 Rd8 12. Kc1 Bd6 13. Nc4 Bb8 14. Na5 Ne7 15. Bb7 Rd7 16. Bxc6 Nxc6 17. Nxc6 Bd6 18. Nd4 Bg6 19. Nb5 Bb8 20. Rd1 a6 21. Rxd7 Kxd7 22. Nd4 Bxh2 23. Kd2 Rc8 24. c3 Ke7 25. b4 e5 26. Nb3 Rd8+ 27. Ke2 Rd3 28. Rc1 h5 29. Bg5+ f6 30. Nc5 Rd6 31. Be3 Bf7 32. a4 Bc4+ 33. Kf2 h4 34. Ke1 Bg3+ 35. Bf2 Bxf2+ 36. Kxf2 Rd2+ 37. Kg1 f5 38. Rb1 Kd6 39. Nb7+ Kc7 40. Na5 Bd3 41. Re1 e4 42. Nb3 Rc2 43. Nc5 Rxc3 44. fxe4 fxe4 45. Nxe4 Rc4 46. Nf2 Bf5 47. b5 axb5 48. axb5 g6 49. Re5 Kb6 50. Kh2 Rc2 51. Nh3 Bd7 52. Nf4 Bf5 53. Nxg6 h3 54. Rxf5 Rxg2+ 55. Kxh3 Rxg6 56. Re5 Rg7 57. Rf5 Rg8 58. Re5 Rg1 59. Kh2 Rg8 60. Kh3 Rg6 61. Kh4 Rg1 62. Kh5 Kc7 63. Rg5 Rc1 64. Kg6 Rf1 65. Rf5 Ra1 66. Kf6 Kb6 67. Ke6 Rh1 68. Kd6 Rh6+ 69. Kd7 Rh7+ 70. Ke6 Rh6+ 71. Rf6 Rh1 72. Rf5 Rd1 73. Rd5 Rh1 74. Ke5 Rh5+ 75. Kd4 Rh4+ 76. Kc3 Rg4 77. Re5 Rh4 78. Rd5 Re4 79. Rf5 Rg4 80. Rd5 Rg3+ 81. Kc4 Rg4+ 82. Rd4 Rg1 83. Rd6+ Kc7 84. Rc6+ Kb7 85. Re6 Rg4+ 86. Kc5 Rg5+ 87. Kb4 Rg1 88. Re7+ Kb8 89. Kc5 Rg5+ 90. Kc6 Rg6+ 91. Kc5 Rh6 92. Rf7 Rg6 93. Kb4 Rg1 94. Ka5 Rg6 95. Re7 Rh6 96. Rf7 Re6 97. b6 Re1 98. Kb5 Rb1+ 99. Kc6 Rc1+ 100. Kb5 Rc2 101. Rf8+ Kb7 102. Rf7+ Kc8 103. Rf8+ Kb7 104. Rf7+ Kb8 105. Rf8+ Kb7 1/2-1/2

[Event "GER-ch Net qual1 U25"]
[White "Van gen Hassend, Max"]
[Black "Jovalekic, Oliver"]
[Site "Playchess.com INT"]
[Round "6"]
[Result "0-1"]
[Date "2011.05.01"]
[WhiteElo "1563"]
[BlackElo "2158"]
[PlyCount "60"]
[EventDate "2011.05.01"]
[EventType "swiss (blitz)"]
[EventRounds "7"]
[EventCountry "GER"]
[SourceTitle "CBM 142 Extra"]
[Source "ChessBase"]
[SourceDate "2011.06.27"]
[SourceVersion "1"]
[SourceVersionDate "2011.06.27"]
[SourceQuality "1"]

1. e4 c5 2. Nf3 e6 3. c3 d5 4. exd5 Qxd5 5. d4 Nc6 6. c4 Qd6 7. d5 Ne5 8. Bf4 Nd3+ 9. Qxd3 Qxf4 10. Nc3 Nf6 11. g3 Qb8 12. Bg2 Be7 13. 0-0 0-0 14. Rad1 Rd8 15. Ne5 Qxe5 16. Rfe1 Qb8 17. Nb5 Bf8 18. d6 a6 19. Nc7 Ra7 20. Ne8 Rxe8 21. Be4 Nxe4 22. d7 Bxd7 23. Rxe4 Bc6 24. Rh4 g6 25. Qe3 b6 26. Qg5 Rd7 27. Re1 Red8 28. Rf4 Rd1 29. Kf1 Rxe1+ 30. Kxe1 Qd6 0-1

[Event "Oberliga Wuerttemberg 0910"]
[White "Jovalekic, Oliver"]
[Black "Schwarzburger, Lothar"]
[Site "Wuerttemberg"]
[Round "8.5"]
[Result "1/2-1/2"]
[Date "2010.03.21"]
[WhiteElo "2106"]
[BlackElo "2126"]
[PlyCount "127"]
[EventDate "2009.10.11"]
[EventType "team-tourn"]
[EventRounds "9"]
[EventCountry "GER"]
[SourceTitle "EXT 2019"]
[Source "ChessBase"]
[SourceDate "2018.10.10"]
[SourceVersion "1"]
[SourceVersionDate "2018.10.10"]
[SourceQuality "1"]
[WhiteTeam "Rommelshausen"]
[BlackTeam "Stuttgart SF II"]
[WhiteTeamCountry "GER"]
[BlackTeamCountry "GER"]

1. e4 d6 2. d4 Nf6 3. Nc3 g6 4. f3 c6 5. Be3 Qc7 6. Qd2 h5 7. 0-0-0 Nbd7 8. Nh3 Nb6 9. Ng5 Nh7 10. Nxh7 Rxh7 11. Be2 Be6 12. d5 Bd7 13. g4 hxg4 14. fxg4 Bg7 15. Kb1 0-0-0 16. h4 Kb8 17. h5 Rdh8 18. Rdf1 Bxc3 19. Qxc3 cxd5 20. Qxc7+ Kxc7 21. Bxb6+ Kxb6 22. exd5 gxh5 23. gxh5 Kc5 24. Bf3 b5 25. Rh4 a5 26. a3 e5 27. b4+ axb4 28. axb4+ Kb6 29. Be4 Rxh5 30. Rxh5 Rxh5 31. Rxf7 Bc8 32. Rf6 Kc7 33. Rf7+ Kb6 34. Rf6 Kc7 35. Bd3 e4 36. Rf7+ Kd8 37. Bxb5 Rxd5 38. Bc6 Re5 39. Kc1 e3 40. Kd1 Be6 41. Rf4 Kc7 42. Bf3 d5 43. Ke2 Bf5 44. c3 Kb6 45. Rd4 Be6 46. Rd3 Kb5 47. Rxe3 Rxe3+ 48. Kxe3 Kc4 49. Kd2 d4 50. Be2+ Kb3 51. Bd1+ Kc4 52. Be2+ Kb3 53. cxd4 Kxb4 54. Ke3 Bd5 55. Kf4 Kc3 56. Ke5 Bb7 57. Bg4 Kd3 58. Be6 Ke3 59. Bd5 Ba6 60. Be4 Bc4 61. Bc6 Bb3 62. Bd5 Ba4 63. Bc4 Bc6 64. d5 1/2-1/2

[Event "Oberliga Wuerttemberg 0708"]
[White "Junger, Werner"]
[Black "Jovalekic, Oliver"]
[Site "Wuerttemberg"]
[Round "5.4"]
[Result "1/2-1/2"]
[Date "2008.01.20"]
[WhiteElo "2090"]
[BlackElo "2168"]
[PlyCount "96"]
[EventDate "2007.10.07"]
[EventType "team-tourn"]
[EventRounds "9"]
[EventCountry "GER"]
[SourceTitle "EXT 2018"]
[Source "ChessBase"]
[SourceDate "2017.10.13"]
[SourceVersion "1"]
[SourceVersionDate "2017.10.13"]
[SourceQuality "1"]
[WhiteTeam "Ebersbach"]
[BlackTeam "Rommelshausen"]
[WhiteTeamCountry "GER"]
[BlackTeamCountry "GER"]

1. e4 c5 2. Nf3 Nc6 3. Nc3 e6 4. d4 cxd4 5. Nxd4 Nf6 6. g3 a6 7. Bg2 Qc7 8. Nxc6 dxc6 9. 0-0 Bc5 10. e5 Qxe5 11. Bf4 Qd4 12. Qe2 Be7 13. Rad1 Qb6 14. Na4 Qa5 15. b3 0-0 16. Qd2 Qxd2 17. Rxd2 e5 18. Bxe5 Bf5 19. Rfd1 Rad8 20. Rxd8 Rxd8 21. Rxd8+ Bxd8 22. Nc5 Bc8 23. Kf1 Ng4 24. Bd6 Nxh2+ 25. Ke2 Ng4 26. Bh3 f5 27. f3 Nf6 28. c4 Kf7 29. Nd3 g6 30. Ke3 Ke6 31. Bb8 Nd7 32. Ba7 Kd6 33. c5+ Ke6 34. Nf4+ Kf6 35. Bf1 Bc7 36. Ne2 Ne5 37. f4 Ng4+ 38. Kd4 Ke6 39. Ng1 h6 40. Bc4+ Kf6 41. Bb6 Bxb6 42. cxb6 Nf2 43. Bxa6 Ne4 44. Bd3 c5+ 45. Kc4 Be6+ 46. Kb5 Bd7+ 47. Kc4 Be6+ 48. Kb5 Bd7+ 1/2-1/2

[Event "GER-ch U18"]
[White "Jovalekic, Oliver"]
[Black "Holzschuh, Stephan"]
[Site "Willingen"]
[Round "5"]
[Result "1-0"]
[Date "2004.06.01"]
[WhiteElo "2164"]
[BlackElo "2153"]
[PlyCount "111"]
[EventDate "2004.06.??"]
[EventType "swiss"]
[EventRounds "9"]
[EventCountry "GER"]
[SourceTitle "EXT 2005"]
[Source "ChessBase"]
[SourceDate "2004.11.15"]
[SourceVersion "1"]
[SourceVersionDate "2004.11.15"]
[SourceQuality "1"]

1. e4 c5 2. Nf3 Nc6 3. d4 cxd4 4. Nxd4 Nf6 5. Nc3 e5 6. Ndb5 d6 7. Bg5 a6 8. Na3 b5 9. Bxf6 gxf6 10. Nd5 f5 11. c3 Bg7 12. exf5 Bxf5 13. Nc2 0-0 14. Nce3 Be6 15. Bd3 f5 16. 0-0 Ne7 17. Nxe7+ Qxe7 18. Bxf5 Bf7 19. Be4 Rad8 20. Bd5 Kh8 21. Bxf7 Qxf7 22. Qd5 Qg6 23. a4 Rb8 24. Rfd1 bxa4 25. Nc4 Rf4 26. Rd2 a3 27. Nxa3 Rbf8 28. Nc4 Qf6 29. Rf1 h5 30. Nxd6 h4 31. h3 Qg6 32. f3 Bf6 33. Qe6 e4 34. Qc4 Bg5 35. Nxe4 Rxe4 36. fxe4 Be3+ 37. Rdf2 Rxf2 38. Rxf2 Bxf2+ 39. Kxf2 Qg3+ 40. Kf1 Qf4+ 41. Ke2 Qc1 42. Qd4+ Kh7 43. Qd2 Qb1 44. Kf3 Kg6 45. Qd6+ Kh5 46. Qxa6 Qxb2 47. Qa5+ Kh6 48. Qe5 Qc2 49. Qf6+ Kh5 50. Qf5+ Kh6 51. Qf4+ Kg6 52. Qxh4 Qxc3+ 53. Kg4 Qe5 54. Kf3 Qc3+ 55. Kf2 Qd4+ 56. Kf1 1-0

[Event "GER-ch U18"]
[White "Jovalekic, Oliver"]
[Black "Meinhardt, Maximilian"]
[Site "Willingen"]
[Round "2"]
[Result "0-1"]
[Date "2004.05.30"]
[WhiteElo "2164"]
[BlackElo "2285"]
[PlyCount "106"]
[EventDate "2004.06.??"]
[EventType "swiss"]
[EventRounds "9"]
[EventCountry "GER"]
[SourceTitle "EXT 2005"]
[Source "ChessBase"]
[SourceDate "2004.11.15"]
[SourceVersion "1"]
[SourceVersionDate "2004.11.15"]
[SourceQuality "1"]

1. e4 e6 2. d4 d5 3. Nc3 Bb4 4. exd5 exd5 5. Bd3 Nc6 6. a3 Bxc3+ 7. bxc3 Nf6 8. Ne2 0-0 9. Bg5 Bg4 10. 0-0 Qd6 11. f3 Bh5 12. Nf4 Bg6 13. Nxg6 hxg6 14. Qd2 Na5 15. Rfe1 Rfe8 16. Bxf6 Qxf6 17. Rxe8+ Rxe8 18. Re1 Kf8 19. Rxe8+ Kxe8 20. Kf1 Qd6 21. Qg5 c6 22. g3 Kd7 23. Qc1 b6 24. Qb2 Kc7 25. Qb4 g5 26. Ke2 f6 27. Ke3 c5 28. dxc5 Qxc5+ 29. Kd2 Nc6 30. Qxc5 bxc5 31. c4 d4 32. c3 Ne5 33. cxd4 Nxf3+ 34. Ke3 Nxd4 35. h4 gxh4 36. gxh4 Kd6 37. Kf4 Ke6 38. Be4 f5 39. Bd5+ Kf6 40. Bb7 Ne6+ 41. Kf3 Ke5 42. Bd5 Nd4+ 43. Kg3 a5 44. a4 Ne2+ 45. Kf3 Nc3 46. Bc6 Ne4 47. Bd5 g5 48. hxg5 Nxg5+ 49. Kg3 Ne4+ 50. Kf3 Kd4 51. Kf4 Nd6 52. Be6 Nxc4 53. Bxf5 Nb6 0-1

[Event "Unterkochen op"]
[White "Jovalekic, Oliver"]
[Black "Kabisch, Thilo"]
[Site "Unterkochen"]
[Round "6"]
[Result "0-1"]
[Date "2003.09.04"]
[WhiteElo "2152"]
[BlackElo "2323"]
[PlyCount "116"]
[EventDate "2003.08.30"]
[EventType "swiss"]
[EventRounds "9"]
[EventCountry "GER"]
[SourceTitle "EXT 2004"]
[Source "ChessBase"]
[SourceDate "2003.11.25"]
[SourceVersion "1"]
[SourceVersionDate "2003.11.25"]
[SourceQuality "1"]

1. e4 e5 2. Nf3 Nc6 3. Bc4 Nf6 4. d4 exd4 5. Ng5 d5 6. exd5 Na5 7. Bb5+ c6 8. dxc6 bxc6 9. Bd3 Be7 10. 0-0 0-0 11. Nd2 h6 12. Nge4 Be6 13. Nxf6+ Bxf6 14. Ne4 Be7 15. Qh5 Qd5 16. Qxd5 Bxd5 17. Re1 Rfe8 18. Bf4 Bf8 19. c3 c5 20. cxd4 cxd4 21. Nd6 Rxe1+ 22. Rxe1 Rd8 23. Nb5 Bb4 24. Rd1 Bxa2 25. Nxa7 g5 26. Bd2 Bxd2 27. Rxd2 Bc4 28. f3 Nb3 29. Rd1 Be6 30. Nc6 Rd6 31. Ne7+ Kg7 32. Nf5+ Bxf5 33. Bxf5 Kf6 34. Bc2 Nc5 35. Kf2 Ke5 36. b4 Na6 37. b5 Nb4 38. Bb3 f5 39. Ke2 d3+ 40. Kd2 Rb6 41. Kc3 Rxb5 42. Bc4 Rb6 43. Re1+ Kf4 44. Bxd3 Nd5+ 45. Kd4 Rd6 46. Kc5 Rd8 47. g3+ Kxf3 48. Bxf5 Ne3 49. Be6 Rd2 50. Rh1 Kg2 51. Re1 Nc2 52. Re4 Kxh2 53. g4 Kg3 54. Bf5 Kf3 55. Re6 Ne3 56. Rxh6 Rd5+ 57. Kc6 Nxf5 58. gxf5 Rxf5 0-1

[Event "Unterkochen op"]
[White "Haecker, Alexander"]
[Black "Jovalekic, Oliver"]
[Site "Unterkochen"]
[Round "4"]
[Result "1-0"]
[Date "2003.09.02"]
[WhiteElo "2268"]
[BlackElo "2152"]
[PlyCount "79"]
[EventDate "2003.08.30"]
[EventType "swiss"]
[EventRounds "9"]
[EventCountry "GER"]
[SourceTitle "EXT 2004"]
[Source "ChessBase"]
[SourceDate "2003.11.25"]
[SourceVersion "1"]
[SourceVersionDate "2003.11.25"]
[SourceQuality "1"]

1. e4 e6 2. d4 d5 3. e5 c5 4. c3 Nc6 5. Nf3 Bd7 6. a3 c4 7. Be2 Na5 8. Nbd2 Ne7 9. 0-0 Nc8 10. Qe1 g5 11. h3 Nb6 12. Nxg5 h6 13. Ngf3 Qc7 14. Nh2 0-0-0 15. f4 Be7 16. Bh5 Rh7 17. Ndf3 Na4 18. Rb1 b5 19. Be3 Nc6 20. Bf2 a5 21. Bh4 Qb6 22. Ng4 Kc7 23. Bxe7 Nxe7 24. Nh4 Rg7 25. f5 Nxf5 26. Nxf5 exf5 27. Ne3 Be6 28. Nxf5 Rg5 29. g4 Rdg8 30. Ng3 R8g7 31. Rf6 Qb8 32. Qf2 Qe8 33. Kh1 b4 34. axb4 axb4 35. Ne2 Nb6 36. Nf4 Nd7 37. Rxe6 Qa8 38. Rd6 Qa2 39. Nxd5+ Kc8 40. Qf1 1-0

[Event "Wuerttemberg-ch U18"]
[White "Becker, Johannes"]
[Black "Jovalekic, Oliver"]
[Site "Stuttgart"]
[Round "2"]
[Result "0-1"]
[Date "2003.04.23"]
[WhiteElo "1805"]
[BlackElo "2166"]
[PlyCount "56"]
[EventDate "2003.04.??"]
[EventType "swiss"]
[EventRounds "7"]
[EventCountry "GER"]
[SourceTitle "EXT 2005"]
[Source "ChessBase"]
[SourceDate "2004.11.15"]
[SourceVersion "1"]
[SourceVersionDate "2004.11.15"]
[SourceQuality "1"]

1. e4 e6 2. d4 d5 3. exd5 exd5 4. Bd3 Nc6 5. c3 Be6 6. Bf4 g5 7. Bg3 Nge7 8. Qc2 Qd7 9. Nf3 f6 10. h3 0-0-0 11. Nbd2 Nf5 12. 0-0-0 Nxg3 13. fxg3 h5 14. Nb3 Kb8 15. Nfd2 Bd6 16. Rdf1 Qe7 17. Rf3 g4 18. Re3 gxh3 19. gxh3 Qd7 20. h4 Rdf8 21. Rhe1 Bg4 22. Be2 Rhg8 23. Bxg4 Rxg4 24. Nf1 b6 25. Qf2 f5 26. Kb1 f4 27. gxf4 Rfxf4 28. Rf3 Qf5+ 0-1

[Event "DLM U20"]
[White "Jovalekic, Oliver"]
[Black "Rehberg, Raphael"]
[Site "Werfen"]
[Round "6.3"]
[Result "1-0"]
[Date "2002.08.01"]
[WhiteElo "2080"]
[BlackElo "2098"]
[PlyCount "55"]
[EventDate "2002.07.28"]
[EventType "team-swiss"]
[EventRounds "7"]
[EventCountry "GER"]
[SourceTitle "CBM 089 Extra"]
[Source "ChessBase"]
[SourceDate "2002.09.10"]
[SourceVersion "2"]
[SourceVersionDate "2002.09.10"]
[SourceQuality "1"]

1. e4 c5 2. Nf3 e6 3. b3 d6 4. Bb2 Nf6 5. e5 dxe5 6. Nxe5 Bd6 7. f4 0-0 8. Bd3 Nbd7 9. 0-0 Nd5 10. Qh5 g6 11. Qh6 Nxe5 12. fxe5 Be7 13. Nc3 Nxc3 14. Bxc3 Bg5 15. Qh3 f5 16. exf6 Bxf6 17. Rxf6 Rxf6 18. Bxf6 Qxf6 19. Rf1 Qe7 20. Qf3 a5 21. a4 Ra7 22. Qg3 b6 23. Bxg6 hxg6 24. Qxg6+ Kh8 25. Rf6 Qg7 26. Qh5+ Qh7 27. Qe8+ Kg7 28. Qf8# 1-0

[Event "DLM U20"]
[White "Jovalekic, Oliver"]
[Black "Postoev Birkenberg, Alexander"]
[Site "Werfen"]
[Round "3.3"]
[Result "0-1"]
[Date "2002.07.30"]
[WhiteElo "2080"]
[BlackElo "2128"]
[PlyCount "78"]
[EventDate "2002.07.28"]
[EventType "team-swiss"]
[EventRounds "7"]
[EventCountry "GER"]
[SourceTitle "CBM 089 Extra"]
[Source "ChessBase"]
[SourceDate "2002.09.10"]
[SourceVersion "2"]
[SourceVersionDate "2002.09.10"]
[SourceQuality "1"]

1. e4 c5 2. Nf3 Nc6 3. d4 cxd4 4. Nxd4 Nf6 5. Nc3 e5 6. Ndb5 d6 7. Bg5 a6 8. Na3 b5 9. Bxf6 gxf6 10. Nd5 f5 11. Bd3 Be6 12. c3 Bg7 13. Qh5 0-0 14. exf5 Bxd5 15. f6 e4 16. fxg7 Re8 17. Be2 Re5 18. Qh6 Qg5 19. Qxg5 Rxg5 20. 0-0 Kxg7 21. Nc2 Ne5 22. Ne3 Bc4 23. Rfe1 Bxe2 24. Rxe2 f5 25. Nd5 Kf7 26. Re3 Nd3 27. f4 Rg7 28. Rb1 Ke6 29. Nb4 Nxb4 30. cxb4 Rc8 31. Rc3 Rgc7 32. Rh3 Rc1+ 33. Rxc1 Rxc1+ 34. Kf2 Kd5 35. Rxh7 Kd4 36. g4 e3+ 37. Kf3 fxg4+ 38. Ke2 Rc2+ 39. Kd1 Kd3 0-1

[Event "GER-ch U16"]
[White "Jovalekic, Oliver"]
[Black "Ries, Benjamin"]
[Site "Winterberg"]
[Round "9"]
[Result "1/2-1/2"]
[Date "2002.05.25"]
[WhiteElo "2107"]
[BlackElo "2128"]
[PlyCount "27"]
[EventDate "2002.05.19"]
[EventType "swiss"]
[EventRounds "8"]
[EventCountry "GER"]
[SourceTitle "CBM 088 Extra"]
[Source "ChessBase"]
[SourceDate "2002.07.01"]
[SourceVersion "2"]
[SourceVersionDate "2002.07.01"]
[SourceQuality "1"]

1. e4 e5 2. Nf3 Nc6 3. Bc4 Bc5 4. c3 Nf6 5. d3 d6 6. 0-0 0-0 7. Bg5 h6 8. Bh4 Bg4 9. h3 Bh5 10. Nbd2 g5 11. Bg3 Bb6 12. b4 Ne7 13. h4 Qd7 14. hxg5 1/2-1/2

[Event "GER-ch U16"]
[White "Naiditsch, Irina"]
[Black "Jovalekic, Oliver"]
[Site "Winterberg"]
[Round "8"]
[Result "1-0"]
[Date "2002.05.23"]
[WhiteElo "2059"]
[BlackElo "2107"]
[PlyCount "109"]
[EventDate "2002.05.19"]
[EventType "swiss"]
[EventRounds "8"]
[EventCountry "GER"]
[SourceTitle "CBM 088 Extra"]
[Source "ChessBase"]
[SourceDate "2002.07.01"]
[SourceVersion "2"]
[SourceVersionDate "2002.07.01"]
[SourceQuality "1"]

1. e4 c5 2. c3 e6 3. d4 d5 4. exd5 exd5 5. Nf3 Nc6 6. Be2 Bd6 7. 0-0 Nge7 8. dxc5 Bxc5 9. Nbd2 0-0 10. Nb3 Bb6 11. Bg5 f6 12. Bf4 Ng6 13. Bg3 f5 14. h4 f4 15. Bh2 Bg4 16. Ng5 Nxh4 17. Bxg4 Qxg5 18. Be6+ Kh8 19. Qg4 Qh6 20. Bxd5 Rf5 21. Bxc6 bxc6 22. g3 fxg3 23. Bxg3 Rg5 24. Qf4 Ng6 25. Qd6 Rd8 26. Rae1 Ne5 27. Qxh6 Nf3+ 28. Kh1 gxh6 29. Re7 Rg7 30. Rxg7 Kxg7 31. Kg2 Nd2 32. Nxd2 Rxd2 33. Be5+ Kg6 34. c4 Kf5 35. Bc3 Rc2 36. Kg3 h5 37. Rh1 Bxf2+ 38. Kf3 h4 39. Rh2 Rxc3+ 40. bxc3 Bg3 41. Rb2 Ke5 42. Rd2 Ke6 43. Rd8 Ke7 44. Ra8 Kd6 45. Rxa7 Kc5 46. Rb7 Be1 47. Ke2 Bxc3 48. Kd3 Be5 49. Rxh7 Bg3 50. Kc3 Be1+ 51. Kb3 Bg3 52. Rh5+ Kb6 53. c5+ Kb5 54. a4+ Ka5 55. Rh6 1-0

[Event "GER-ch U16"]
[White "Naiditsch, Evgenija"]
[Black "Jovalekic, Oliver"]
[Site "Winterberg"]
[Round "3"]
[Result "1-0"]
[Date "2002.05.20"]
[WhiteElo "2122"]
[BlackElo "2107"]
[PlyCount "63"]
[EventDate "2002.05.19"]
[EventType "swiss"]
[EventRounds "8"]
[EventCountry "GER"]
[SourceTitle "CBM 088 Extra"]
[Source "ChessBase"]
[SourceDate "2002.07.01"]
[SourceVersion "2"]
[SourceVersionDate "2002.07.01"]
[SourceQuality "1"]

1. e4 e6 2. d4 d5 3. Nc3 Nf6 4. Bg5 Bb4 5. exd5 Qxd5 6. Bxf6 gxf6 7. Nge2 Nc6 8. Qd2 Bxc3 9. Nxc3 Qxd4 10. Qxd4 Nxd4 11. 0-0-0 c5 12. Ne4 b6 13. c3 Nf5 14. g4 Nh4 15. Nxf6+ Ke7 16. g5 h6 17. f4 Rb8 18. Bb5 hxg5 19. fxg5 Nf3 20. h4 Rxh4 21. Rxh4 Nxh4 22. Ng8+ Kf8 23. Rd8+ Kg7 24. Ne7 Ng6 25. Rxc8 Rb7 26. Ng8 a5 27. Ra8 Ne5 28. Nf6 Kg6 29. Ne4 Rc7 30. Rg8+ Kf5 31. Nd6+ Kf4 32. Rg7 1-0